| 000 | 02084nam a2200433 i 4500 | ||
|---|---|---|---|
| 001 | ebr10860957 | ||
| 003 | CaPaEBR | ||
| 006 | m o d | ||
| 007 | cr cn||||||||| | ||
| 008 | 140501t20142014dcuaf ob 001 0 eng d | ||
| 020 | _z9781118854303 | ||
| 020 | _a9781118854266 (e-book) | ||
| 040 |
_aCaPaEBR _beng _erda _epn _cCaPaEBR |
||
| 035 | _a(OCoLC)868225840 | ||
| 050 | 1 | 4 |
_aQE508 _b.F88 2014eb |
| 082 | 0 | 4 |
_a304.2 _223 |
| 245 | 0 | 0 |
_aFuture Earth : _badvancing civic understanding of the anthropocene / _cDiana Dalbotten, Gillian Roehrig, Patrick Hamilton, editors. |
| 264 | 1 |
_aWashington, District of Columbia ; _aHoboken, New Jersey : _bAmerican Geophysical Union : _bWiley, _c2014. |
|
| 264 | 4 | _c�2014 | |
| 300 |
_a1 online resource (149 pages, 4 unnumbered pages of plates) : _bcolor illustrations. |
||
| 336 |
_atext _2rdacontent |
||
| 337 |
_acomputer _2rdamedia |
||
| 338 |
_aonline resource _2rdacarrier |
||
| 490 | 1 |
_aGeophysical Monograph Series ; _v230 |
|
| 504 | _aIncludes bibliographical references at the end of each chapters and index. | ||
| 588 | _aDescription based on print version record. | ||
| 590 | _aElectronic reproduction. Palo Alto, Calif. : ebrary, 2015. Available via World Wide Web. Access may be limited to ebrary affiliated libraries. | ||
| 650 | 0 | _aGeological time. | |
| 650 | 0 | _aGlobal environmental change. | |
| 650 | 0 | _aCommunication in science. | |
| 655 | 0 | _aElectronic books. | |
| 700 | 1 |
_aDalbotten, Diana, _d1959- _eeditor. |
|
| 700 | 1 |
_aRoehrig, Gillian, _d1968- _eeditor. |
|
| 700 | 1 |
_aHamilton, Patrick, _d1958- _eeditor. |
|
| 776 | 0 | 8 |
_iPrint version: _tFuture Earth : advancing civic understanding of the anthropocene. _dWashington, District of Columbia ; Hoboken, New Jersey : American Geophysical Union : Wiley, c2014 _hxi, 131 pages _kGeophysical monograph series ; 203. _z9781118854303 _w2013050492 |
| 797 | 2 | _aebrary. | |
| 830 | 0 |
_aGeophysical monograph series ; _v203. |
|
| 856 | 4 | 0 |
_uhttp://site.ebrary.com/lib/rucke/Doc?id=10860957 _zAn electronic book accessible through the World Wide Web; click to view |
| 999 |
_c100362 _d100362 |
||